World Leaders During WW2 - Statistics

General Stats
  • This quiz has been taken 158 times
  • The average score is 7 of 9
Answer Stats
Hint Answer % Correct
USSR Joseph Stalin
99%
Germany Adolf Hitler
98%
Britain Winston Churchill
96%
Italy Benito Mussolini
95%
USA Franklin D. Roosevelt
92%
Japan v2 Hirohito
80%
USA v2 Harry S. Truman
76%
France Charles de Gaulle
59%
Japan Hideki Tojo
33%
No matching quizzes found
Score Distribution
Percent of People with Each Score
Percentile by Number Answered
Your Score History
You have not taken this quiz